[Event "COL-ch U20"]
[Site "Barranquilla"]
[Date "2022.07.08"]
[Round "4"]
[White "Merino Vanegas, Santiago Andres"]
[Black "Echeverry Betancur, Jorge Andres"]
[Result "0-1"]
[WhiteElo "1136"]
[BlackElo "1648"]
[PlyCount "84"]
[EventDate "2022.07.06"]
[EventType "swiss"]
[EventRounds "9"]
[EventCountry "COL"]
[SourceTitle "EXT 2023"]
[Source "ChessBase"]
[SourceDate "2022.10.05"]
[SourceVersion "1"]
[SourceVersionDate "2022.10.05"]
[SourceQuality "1"]

1. e4 c5 2. Nf3 d6 3. d4 cxd4 4. Nxd4 Nf6 5. Nc3 g6 6. Be3 Bg7 7. f3 0-0 8. Bc4 Nc6 9. Bb3 Bd7 10. h4 h5 11. Qd2 Na5 12. 0-0-0 Rc8 13. Kb1 Nc4 14. Bxc4 Rxc4 15. Bh6 Nxe4 16. fxe4 Rxd4 17. Qe3 Rxd1+ 18. Rxd1 Bxh6 19. Qxh6 Be6 20. Qg5 Qc7 21. Nd5 Bxd5 22. exd5 Rc8 23. c3 Qd7 24. Ka1 Kg7 25. Re1 Re8 26. Qe3 Qa4 27. g3 e6 28. b3 Qa5 29. c4 a6 30. Rf1 Qd8 31. Qd4+ e5 32. Qf2 Qe7 33. Kb1 e4 34. Qe3 Qe5 35. Kc2 b5 36. Qc3 Qxc3+ 37. Kxc3 bxc4 38. bxc4 Rb8 39. Rf4 f5 40. Rf1 Kf6 41. Rf4 Rb1 42. Rf2 Rg1 0-1

[Event "Pereira Gildardo Garcia Memorial-B"]
[Site "Pereira"]
[Date "2022.05.20"]
[Round "4"]
[White "Escobar, Daniel"]
[Black "Echeverry Betancur, Jorge Andres"]
[Result "0-1"]
[WhiteElo "1248"]
[BlackElo "1610"]
[PlyCount "58"]
[EventDate "2022.05.18"]
[EventType "swiss"]
[EventRounds "9"]
[EventCountry "COL"]
[SourceTitle "CBM 208 Extra"]
[Source "ChessBase"]
[SourceDate "2022.07.31"]
[SourceVersion "1"]
[SourceVersionDate "2022.07.31"]
[SourceQuality "1"]

1. e4 c5 2. Nf3 d6 3. d4 cxd4 4. Nxd4 Nf6 5. Nc3 g6 6. f3 Bg7 7. Be3 Nc6 8. Qd2 0-0 9. 0-0-0 Nxd4 10. Bxd4 Be6 11. Nd5 Bxd5 12. exd5 Qc7 13. Kb1 Rfc8 14. Be2 Nxd5 15. Bxg7 Kxg7 16. Rc1 Qc5 17. g4 e5 18. h4 Nf4 19. h5 a5 20. hxg6 hxg6 21. Bd3 Rh8 22. Rxh8 Rxh8 23. Rd1 Rh3 24. Be4 d5 25. Bd3 Rxf3 26. a3 Rf2 27. Qe1 Nxd3 28. Rxd3 Qxc2+ 29. Ka1 Qxb2# 0-1

[Event "COL-ch U20"]
[Site "Duitama"]
[Date "2021.03.21"]
[Round "6"]
[White "Echeverry Betancur, Jorge Andres"]
[Black "Gonzalez Velasco, Leandro"]
[Result "1-0"]
[WhiteElo "1542"]
[BlackElo "1786"]
[PlyCount "122"]
[EventDate "2021.03.18"]
[EventType "swiss"]
[EventRounds "7"]
[EventCountry "COL"]
[SourceTitle "EXT 2022"]
[Source "ChessBase"]
[SourceDate "2021.10.06"]
[SourceVersion "1"]
[SourceVersionDate "2021.10.06"]
[SourceQuality "1"]

1. d4 Nf6 2. c4 g6 3. Nf3 Bg7 4. e3 0-0 5. Be2 d6 6. 0-0 Nc6 7. b3 e5 8. dxe5 Ng4 9. Bb2 Ngxe5 10. Nc3 a5 11. a3 Nxf3+ 12. Bxf3 Ne5 13. Be2 Bd7 14. Rb1 Bc6 15. Nd5 f5 16. Qd2 Qd7 17. h3 Qf7 18. Rfd1 g5 19. f4 gxf4 20. exf4 Ng6 21. Bxg7 Qxg7 22. Bf3 Rae8 23. Re1 Kh8 24. Rxe8 Rxe8 25. Re1 Rxe1+ 26. Qxe1 Bxd5 27. Bxd5 c6 28. Qe8+ Qf8 29. Qxf8+ Nxf8 30. Bf3 Ne6 31. g3 Nd4 32. Bd1 c5 33. Kf2 Kg7 34. Ke3 b5 35. Kd3 b4 36. axb4 axb4 37. g4 Kf6 38. gxf5 Kxf5 39. Ke3 h5 40. h4 Kf6 41. Ke4 Nf5 42. Bxh5 Nxh4 43. Bg4 Ng6 44. f5 Ne5 45. Bd1 Nf7 46. Bc2 Kg5 47. Kd5 Kf6 48. Bb1 Ke7 49. Bd3 Kf6 50. Bc2 Ke7 51. Bd1 Ne5 52. f6+ Kxf6 53. Kxd6 Nd3 54. Bc2 Ne5 55. Kxc5 Ke6 56. Kxb4 Kd6 57. c5+ Kd5 58. Kb5 Nf3 59. Kb6 Ne5 60. c6 Kd6 61. Be4 Nf7 1-0

[Event "COL-ch U20"]
[Site "Duitama"]
[Date "2021.03.20"]
[Round "4"]
[White "Echeverry Betancur, Jorge Andres"]
[Black "Campos Perilla, Felix Santiago"]
[Result "1-0"]
[WhiteElo "1542"]
[BlackElo "1521"]
[PlyCount "71"]
[EventDate "2021.03.18"]
[EventType "swiss"]
[EventRounds "7"]
[EventCountry "COL"]
[SourceTitle "EXT 2022"]
[Source "ChessBase"]
[SourceDate "2021.10.06"]
[SourceVersion "1"]
[SourceVersionDate "2021.10.06"]
[SourceQuality "1"]

1. d4 f5 2. Nf3 Nf6 3. c4 g6 4. e3 Bg7 5. Be2 0-0 6. 0-0 d6 7. Nc3 h6 8. Qc2 c6 9. b3 Qe8 10. Ba3 Be6 11. Rae1 Bf7 12. e4 f4 13. e5 Nfd7 14. exd6 e6 15. Bd3 Kh7 16. Bc1 Na6 17. a3 c5 18. d5 e5 19. Bxf4 Qd8 20. Bxe5 Nxe5 21. Nxe5 Bxe5 22. Rxe5 Qxd6 23. Rfe1 Nc7 24. h4 Qf6 25. h5 Kg7 26. hxg6 Rae8 27. Qe2 Bxg6 28. Bxg6 Qxg6 29. Re7+ Kg8 30. d6 Rxe7 31. dxe7 Re8 32. Nd5 Na6 33. Qe5 Kf7 34. Re3 Qb1+ 35. Kh2 Rxe7 36. Qf6+ 1-0

[Event "COL Intercollegiate-ch blitz U18"]
[Site "Paipa"]
[Date "2019.12.15"]
[Round "1"]
[White "Alvarez Angel, Nelson Eduardo"]
[Black "Echeverry Betancur, Jorge Andres"]
[Result "1/2-1/2"]
[WhiteElo "1814"]
[BlackElo "1518"]
[PlyCount "193"]
[EventDate "2019.12.15"]
[EventType "swiss (blitz)"]
[EventRounds "12"]
[EventCountry "COL"]
[SourceTitle "CBM 193 Extra"]
[Source "ChessBase"]
[SourceDate "2020.01.31"]
[SourceVersion "1"]
[SourceVersionDate "2020.01.31"]
[SourceQuality "1"]

1. d4 d5 2. c4 c6 3. Nc3 Nf6 4. Bg5 e6 5. e3 Be7 6. cxd5 cxd5 7. Bd3 0-0 8. Rc1 Bd7 9. Nf3 Nc6 10. 0-0 Rc8 11. a3 a6 12. Ne5 h6 13. Nxd7 Qxd7 14. Bh4 Rc7 15. b4 b5 16. Qb3 Rfc8 17. Rc2 Na7 18. Rfc1 Ne8 19. Bxe7 Qxe7 20. a4 Nd6 21. h3 Nc4 22. Bxc4 Rxc4 23. Na2 Rxc2 24. Rxc2 Rxc2 25. Qxc2 Qd7 26. axb5 Nxb5 27. Qc5 Qc7 28. Kf1 Qb7 29. Ke2 Na3 30. Nc3 Nb5 31. Kd2 Nxc3 32. Kxc3 g6 33. b5 axb5 34. Kb4 Kg7 35. Qxb5 Qe7+ 36. Kc3 Qg5 37. Qf1 h5 38. f4 Qg3 39. Kd3 g5 40. fxg5 Qxg5 41. Qf3 Qg6+ 42. e4 dxe4+ 43. Qxe4 Qg3+ 44. Kc4 Qc7+ 45. Kd3 Qg3+ 46. Ke2 Qg5 47. Kf3 Qf6+ 48. Qf4 Qg6 49. g4 Qd3+ 50. Kg2 Qe2+ 51. Kg3 Qe1+ 52. Kf3 Qf1+ 53. Ke4 Qxf4+ 54. Kxf4 hxg4 55. Kxg4 Kg6 56. h4 f6 57. Kf4 Kh5 58. Kg3 f5 59. Kh3 f4 60. Kg2 Kxh4 61. Kf3 Kg5 62. Ke4 Kg4 63. Ke5 f3 64. Kxe6 f2 65. d5 f1Q 66. d6 Qe2+ 67. Kf7 Qa2+ 68. Ke8 Qa8+ 69. Ke7 Kf5 70. d7 Qb7 71. Ke8 Qc6 72. Ke7 Qc7 73. Ke8 Qc6 74. Ke7 Qe6+ 75. Kd8 Kf6 76. Kc7 Qe7 77. Kc8 Qc5+ 78. Kb7 Qd5+ 79. Kc8 Qe6 80. Kc7 Qe7 81. Kc8 Qe6 82. Kc7 Qc4+ 83. Kb8 Qb5+ 84. Kc8 Qa6+ 85. Kc7 Qa7+ 86. Kc8 Qa8+ 87. Kc7 Qa5+ 88. Kc8 Qa6+ 89. Kc7 Qa7+ 90. Kc8 Qa8+ 91. Kc7 Qa5+ 92. Kc8 Qc5+ 93. Kb8 Qe7 94. Kc8 Qc5+ 95. Kb8 Qf8+ 96. Kc7 Qe7 97. Kc8 1/2-1/2

[Event "COL Intercollegiate-ch U18"]
[Site "Paipa"]
[Date "2019.12.07"]
[Round "3"]
[White "Echeverry Betancur, Jorge Andres"]
[Black "Corredor Castellanos, Camilo"]
[Result "0-1"]
[WhiteElo "1542"]
[BlackElo "1956"]
[PlyCount "86"]
[EventDate "2019.12.06"]
[EventType "swiss"]
[EventRounds "7"]
[EventCountry "COL"]
[SourceTitle "CBM 193 Extra"]
[Source "ChessBase"]
[SourceDate "2020.01.31"]
[SourceVersion "1"]
[SourceVersionDate "2020.01.31"]
[SourceQuality "1"]

1. d4 d5 2. c4 c6 3. cxd5 cxd5 4. Nc3 Nf6 5. Nf3 Nc6 6. e3 e6 7. Be2 Be7 8. 0-0 a6 9. a3 0-0 10. b3 Bd6 11. Bb2 Qc7 12. Rc1 Qe7 13. Nb1 Nd7 14. Qd2 f5 15. b4 f4 16. b5 axb5 17. Bxb5 Na5 18. Qd3 Nb6 19. Nbd2 Bd7 20. Bxd7 Qxd7 21. Ng5 Rf5 22. Nh3 Nac4 23. Nxc4 Nxc4 24. Rc2 f3 25. e4 Nxb2 26. Rxb2 Rxa3 27. Qb5 Qxb5 28. Rxb5 dxe4 29. Rxf5 exf5 30. gxf3 exf3 31. Rc1 h6 32. Kh1 b5 33. Ng1 b4 34. Rb1 g5 35. h3 g4 36. hxg4 fxg4 37. d5 Rd3 38. Ra1 Rxd5 39. Ra8+ Kf7 40. Ra7+ Ke6 41. Nxf3 gxf3 42. Ra1 b3 43. Rb1 b2 0-1

[Event "COL-ch Superate Intercol U14"]
[Site "Barranquilla"]
[Date "2018.11.20"]
[Round "4.8"]
[White "Ramirez Ramirez, Anderson"]
[Black "Echeverry Betancur, Jorge Andres"]
[Result "0-1"]
[WhiteElo "1568"]
[BlackElo "1514"]
[PlyCount "110"]
[EventDate "2018.11.19"]
[EventType "swiss"]
[EventRounds "7"]
[EventCountry "COL"]
[SourceTitle "EXT 2024"]
[Source "ChessBase"]
[SourceDate "2023.10.10"]
[SourceVersion "1"]
[SourceVersionDate "2023.10.10"]
[SourceQuality "1"]

1. e4 c5 2. Nf3 d6 3. Nc3 g6 4. d4 cxd4 5. Qxd4 Nf6 6. Bg5 Bg7 7. Bb5+ Bd7 8. Bxd7+ Qxd7 9. Qd2 Qg4 10. 0-0 Nc6 11. h3 Qc8 12. Rfe1 0-0 13. Rad1 Qc7 14. Nd5 Nxd5 15. exd5 Ne5 16. Nxe5 Bxe5 17. f4 Bf6 18. Bxf6 exf6 19. c3 Rfe8 20. Qd4 Qb6 21. Rxe8+ Rxe8 22. Qxb6 axb6 23. Kf2 f5 24. Rd4 Re4 25. a4 Rxd4 26. cxd4 Kf8 27. Kf3 f6 28. g4 fxg4+ 29. Kxg4 f5+ 30. Kg3 Kf7 31. Kf3 h6 32. h4 Kf6 33. Kg3 g5 34. fxg5+ hxg5 35. hxg5+ Kxg5 36. Kf3 f4 37. b3 Kf5 38. b4 Kg5 39. Ke4 Kg4 40. b5 f3 41. Ke3 Kg3 42. Ke4 f2 43. Kf5 f1Q+ 44. Ke6 Qf4 45. Kd7 Qxd4 46. Kxd6 Qxa4 47. Kc7 Qxb5 48. Kxb7 Qxd5+ 49. Kxb6 Qc4 50. Kb7 Kf4 51. Kb6 Ke5 52. Kb7 Kd6 53. Kb6 Qb4+ 54. Ka6 Kc7 55. Ka7 Qa5# 0-1

[Event "Olympiad qual Quindio 3rd"]
[Site "Armenia"]
[Date "2018.05.12"]
[Round "4.3"]
[White "Echeverry Betancur, Jorge Andres"]
[Black "Sanchez, Luis Carlos"]
[Result "1-0"]
[WhiteElo "1514"]
[BlackElo "1644"]
[PlyCount "37"]
[EventDate "2018.05.12"]
[EventType "swiss"]
[EventRounds "5"]
[EventCountry "COL"]
[SourceTitle "EXT 2024"]
[Source "ChessBase"]
[SourceDate "2023.10.10"]
[SourceVersion "1"]
[SourceVersionDate "2023.10.10"]
[SourceQuality "1"]

1. d4 Nf6 2. c4 g6 3. Nc3 Bg7 4. Bf4 d6 5. e3 0-0 6. Be2 c5 7. d5 a6 8. Nf3 Bg4 9. 0-0 Nbd7 10. h3 Bxf3 11. Bxf3 Nb6 12. b3 Nfd7 13. Rc1 Ne5 14. Bxe5 Bxe5 15. Be2 Rc8 16. Bg4 f5 17. Bf3 Qd7 18. Qd3 Bf6 19. Be2 1-0

[Event "COL-ch sf 2nd"]
[Site "Tunja"]
[Date "2018.04.17"]
[Round "1"]
[White "Echeverry Betancur, Jorge Andres"]
[Black "Munoz Monroy, Cinthya Carolina"]
[Result "0-1"]
[WhiteElo "1591"]
[BlackElo "2020"]
[PlyCount "51"]
[EventDate "2018.04.17"]
[EventType "swiss"]
[EventRounds "10"]
[EventCountry "COL"]
[SourceTitle "CBM 184 Extra"]
[Source "ChessBase"]
[SourceDate "2018.06.28"]
[SourceVersion "1"]
[SourceVersionDate "2018.06.28"]
[SourceQuality "1"]

1. d4 Nf6 2. c4 c5 3. d5 b5 4. cxb5 a6 5. Nc3 axb5 6. Bg5 b4 7. Bxf6 gxf6 8. Ne4 d6 9. e3 Qa5 10. b3 Bg7 11. Nd2 f5 12. Rb1 Qxa2 13. Ngf3 Nd7 14. Bb5 Ba6 15. Bxa6 Qxa6 16. Nc4 Bc3+ 17. Nfd2 Ne5 18. 0-0 Bxd2 19. Nxd2 Qd3 20. Rb2 Qxd5 21. Qh5 Qe6 22. Rbb1 Qg6 23. Qe2 0-0 24. Rfc1 Ra2 25. Qd1 Rxd2 26. Qf1 0-1

[Event "Colombia Departamental U20"]
[Site "Colombia"]
[Date "2018.02.10"]
[Round "1.1"]
[White "Martinez Delgado, Diego Fernando"]
[Black "Echeverry Betancur, Jorge Andres"]
[Result "0-1"]
[WhiteElo "1488"]
[BlackElo "1600"]
[PlyCount "30"]
[EventDate "2018.02.10"]
[EventType "tourn"]
[EventRounds "5"]
[EventCountry "COL"]
[SourceTitle "EXT 2024"]
[Source "ChessBase"]
[SourceDate "2023.10.10"]
[SourceVersion "1"]
[SourceVersionDate "2023.10.10"]
[SourceQuality "1"]

1. e4 c5 2. Nf3 d6 3. d4 cxd4 4. Qxd4 Nc6 5. Qc3 Nf6 6. Bd3 Bd7 7. 0-0 e6 8. e5 Nd5 9. Qd2 dxe5 10. Re1 Bd6 11. Ng5 h6 12. Ne4 Qc7 13. Nbc3 Nxc3 14. Qxc3 Bb4 15. Qb3 Bxe1 0-1

[Event "Colombia Departamental U20"]
[Site "Colombia"]
[Date "2018.02.10"]
[Round "3.2"]
[White "Rodriguez, Miguel Angel"]
[Black "Echeverry Betancur, Jorge Andres"]
[Result "1/2-1/2"]
[WhiteElo "1533"]
[BlackElo "1600"]
[PlyCount "44"]
[EventDate "2018.02.10"]
[EventType "tourn"]
[EventRounds "5"]
[EventCountry "COL"]
[SourceTitle "EXT 2024"]
[Source "ChessBase"]
[SourceDate "2023.10.10"]
[SourceVersion "1"]
[SourceVersionDate "2023.10.10"]
[SourceQuality "1"]

1. e4 c5 2. Nf3 d6 3. d4 cxd4 4. Nxd4 Nf6 5. Nc3 a6 6. Bg5 e6 7. f4 Be7 8. Qf3 Bd7 9. Bc4 Nc6 10. 0-0-0 h6 11. Bh4 Nxd4 12. Rxd4 b5 13. Be2 Qb6 14. Rhd1 Rc8 15. Bxf6 gxf6 16. f5 b4 17. Nb1 a5 18. Rc4 h5 19. Rxc8+ Bxc8 20. Qd3 Bb7 21. Qb5+ Qxb5 22. Bxb5+ Kf8 1/2-1/2